000 00804nam a2200253Ia 4500
003 GCL
008 140319s9999 xx 000 0 ara d
040 _aGCL /
_cGCL
082 0 4 _aق
_b355.3434
_bع م
100 1 _aعبدالتواب ابراهيم رضوان
245 1 0 _aمصر والحرب النفسية /
_cعبدالتواب ابراهيم رضوان
260 _a[S.N] :
_bالهيئة المصرية العامة للكتاب ،
_c1988
300 _a183 ص
490 _a
650 0 4 _aمصر
650 0 4 _aالحرب النفسية
650 0 4 _aالاعلام
650 0 4 _aالدعاية
650 0 4 _aعلم النفس السياسى
650 0 4 _aالاشاعات
650 0 4 _aالدعاية الدولية
650 0 4 _aالدعاية السوداء
942 _2ddc
_cBK
999 _c30723
_d30723